Film Industries by language/country - Statistics

General Stats
  • This quiz has been taken 14 times
  • The average score is 7 of 49
Answer Stats
Country Language Answer % Correct
India Hindi-Urdu Bollywood
100%
USA English Hollywood
100%
Nigeria English Nollywood
77%
USA Somali Somaliwood
54%
India Bengali Tollywood
38%
India Telugu Tollywood
38%
India Tamil Kollywood
31%
India Gujarati Dhollywood
23%
Ghana English Ghollywood
23%
India Malayalam Mollywood
23%
India Punjabi Pollywood
23%
Pakistan Pashto Pollywood
23%
Peru Spanish Chollywood
15%
India Assamese Jollywood
15%
Pakistan Punjabi Lollywood
15%
Australia English Aussiewood
8%
China Cantonese Cantonwood
8%
China Mandarin Chinawood
8%
Bangladesh Bengali Dhallywood
8%
Japan Japanese Hogawood
8%
India Odia Ollywood
8%
India Kannada Sandalwood
8%
Tanzania Swahili Swahiliwood
8%
Taiwan Mandarin Taiwood
8%
Sweden Swedish Trollywood
8%
India Bhojpuri Bhojiwood
0%
Colombia Spanish Bogotawood
0%
India Chhattisgarhi Chhollywood
0%
India Tulu Coastalwood
0%
Hungary Hungarian Etyekwood
0%
France French Gaulywood
0%
Germany German Görliwood
0%
South Korea Korean Hallyuwood
0%
Sri Lanka Sinhala Helawood
0%
Rwanda English Hillywood
0%
Italy Italian Hollywood on the Tiber
0%
Nigeria Hausa Kannywood
0%
Nigeria Karai-Karai Karewood
0%
Pakistan Urdu Kariwood
0%
Kazakhstan Kazakh Kazakhwood
0%
Mexico Spanish Mexiwood
0%
Cyprus Greek Olivewood
0%
UK English Pinewood
0%
Kenya English Riverwood
0%
Brazil Portuguese Sambawood
0%
Uganda English Ugawood
0%
Wales English Valleywood
0%
New Zealand English Wellywood
0%
Zambia English Zambiwood
0%
No matching quizzes found
Score Distribution
Percent of People with Each Score
Percentile by Number Answered
Your Score History
You have not taken this quiz